000 00575nam a2200241 a 4500
001 BS0001374
003 BR-BrBNA
005 20230725152134.0
008 230308b |||||||| |||| 00| 0 por d
040 _aBR-BrBNA
_bpor
_cBiblioteca Nacional de Agricultura
041 _apor
072 _aB52
090 _aB52 BS0001374
100 1 _aMellão, N.
245 1 _aNu, com a mão no bolso /
250 1 _a3. ed.
260 3 _aSão Paulo:
_bSiciliano,
_c1989.
300 _a244 p.
650 _aPOLÍTICA
650 _aBRASIL
650 _aECONÔMIA
942 _cBK
_2AGRIS
999 _c6431
_d6431